000 00827nam a2200241 a 4500
001 000019996
005 20200929170224.0
008 100709s1968 sp 001 d spa d
040 _aDO-SdBNP
_bspa
_cBNPHU
082 _a862.6
_bV181m, 1968
100 1 _aValle-Inclán, Ramón del,
_d1866-1936.
_93325
245 1 0 _aMartes de carnaval :
_blas galas del difunto. Los cuernos de don Friolera. La hija del capitán /
_cRamón del Valle-Inclán.
250 _a2a ed.
260 _aMadrid :
_bEspasa-Calpe,
_c1968.
300 _a243, [20] p. ;
_c18 cm.
490 1 _aAustral. Violeta: teatro y poesía
_v1337
500 _aIncluye índice de autores
650 4 _aTeatro español
_93071
650 4 _aLiteratura española
_9632
830 0 _aAustral.
_pVioleta: teatro y poesía;
_v1337
_939559
910 _aWM
049 _aBNGR
999 _c19508
_d19508